[Event "Thessaloniki op 3rd"]
[Site "Thessaloniki"]
[Date "2023.08.05"]
[Round "1"]
[White "Theoharidis, Georgios"]
[Black "Colijn, Stefan"]
[Result "0-1"]
[WhiteElo "1855"]
[BlackElo "2251"]
[PlyCount "100"]
[EventDate "2023.08.05"]
[EventType "swiss"]
[EventRounds "9"]
[EventCountry "GRE"]
[SourceTitle "CBM 215 Extra"]
[Source "ChessBase"]
[SourceDate "2023.09.30"]
[SourceVersion "1"]
[SourceVersionDate "2023.09.30"]
[SourceQuality "1"]

1. e4 e5 2. Nc3 Nf6 3. d4 exd4 4. Qxd4 Nc6 5. Qd3 Bb4 6. Bd2 0-0 7. 0-0-0 Re8 8. Nge2 Bc5 9. Bg5 h6 10. Bxf6 Qxf6 11. Nd5 Qd8 12. f4 d6 13. f5 Ne5 14. Qg3 c6 15. f6 g6 16. Ne7+ Rxe7 17. fxe7 Qxe7 18. Nf4 Qg5 19. Qxg5 hxg5 20. Nd3 Be3+ 21. Kb1 Bg4 22. Nxe5 Bxd1 23. Bc4 Bxc2+ 24. Kxc2 dxe5 25. Rd1 b5 26. Bb3 c5 27. Bd5 Rc8 28. Rd3 Bd4 29. Rf3 Rc7 30. Rf6 Kg7 31. Rc6 Re7 32. g4 c4 33. Rc8 a5 34. Ra8 a4 35. Bc6 Rc7 36. Bxb5 Rb7 37. Ra5 f5 38. gxf5 gxf5 39. exf5 Kf6 40. Bxc4 Rxb2+ 41. Kd1 Rxh2 42. Bd3 g4 43. Ra6+ Kg5 44. f6 Rf2 45. f7 Rxf7 46. Rxa4 g3 47. Ra6 Rf2 48. Rg6+ Kf4 49. a4 g2 50. Ke1 Ra2 0-1

[Event "Thessaloniki White Tower op-A 2nd"]
[Site "Thessaloniki"]
[Date "2023.01.06"]
[Round "7"]
[White "Theoharidis, Georgios"]
[Black "Tsironis, Alexandros"]
[Result "1/2-1/2"]
[WhiteElo "1931"]
[BlackElo "1998"]
[PlyCount "63"]
[EventDate "2023.01.02"]
[EventType "swiss"]
[EventRounds "9"]
[EventCountry "GRE"]
[SourceTitle "CBM 212 Extra"]
[Source "ChessBase"]
[SourceDate "2023.03.31"]
[SourceVersion "1"]
[SourceVersionDate "2023.03.31"]
[SourceQuality "1"]

1. Nf3 g6 2. d4 Bg7 3. c3 d6 4. Bg5 h6 5. Bh4 g5 6. Bg3 f5 7. e3 Nf6 8. Qb3 e6 9. Bd3 Nc6 10. Nbd2 Qe7 11. h3 Bd7 12. Qxb7 0-0 13. Qxc7 f4 14. exf4 Rab8 15. fxg5 Ne8 16. Qxb8 Nxb8 17. h4 Nc6 18. 0-0 hxg5 19. hxg5 Qd8 20. Kh2 e5 21. Bc4+ Kh7 22. Rh1 Bh8 23. Kg1+ Kg6 24. Rh6+ Kg7 25. dxe5 dxe5 26. Nxe5 Qxg5 27. Rg6+ Qxg6 28. Nxg6 Kxg6 29. Nf3 Bg4 30. Nh4+ Kh5 31. f3 Bc8 32. Rd1 1/2-1/2

[Event "Thessaloniki White Tower op-A 2nd"]
[Site "Thessaloniki"]
[Date "2023.01.02"]
[Round "1"]
[White "Theoharidis, Georgios"]
[Black "Trimitzios, Petros"]
[Result "0-1"]
[WhiteElo "1931"]
[BlackElo "2362"]
[PlyCount "66"]
[EventDate "2023.01.02"]
[EventType "swiss"]
[EventRounds "9"]
[EventCountry "GRE"]
[SourceTitle "CBM 212 Extra"]
[Source "ChessBase"]
[SourceDate "2023.03.31"]
[SourceVersion "1"]
[SourceVersionDate "2023.03.31"]
[SourceQuality "1"]

1. e4 e5 2. Nc3 Nc6 3. Nf3 Nf6 4. Bc4 Bc5 5. d3 h6 6. 0-0 d6 7. h3 a6 8. a4 Be6 9. Bxe6 fxe6 10. Be3 Qe7 11. Ne2 0-0-0 12. c3 Bxe3 13. fxe3 g5 14. Nh2 h5 15. b4 Rdg8 16. b5 Nb8 17. Qc2 g4 18. h4 g3 19. Nf3 Ng4 20. Qd2 Nh2 21. Qe1 Nxf1 22. Kxf1 Rg4 23. Neg1 Rf8 24. Ke2 Rxh4 25. Qxg3 Rg4 26. Qh3 Rfg8 27. Ne1 h4 28. Ngf3 a5 29. Ra2 Nd7 30. Kf1 Kb8 31. Kg1 d5 32. exd5 exd5 33. d4 e4 0-1

[Event "Thessaloniki op 1st"]
[Site "Thessaloniki"]
[Date "2022.08.09"]
[Round "8"]
[White "Deli, Eleanna Ratzvika"]
[Black "Theoharidis, Georgios"]
[Result "1-0"]
[WhiteElo "1755"]
[BlackElo "1894"]
[PlyCount "169"]
[EventDate "2022.08.03"]
[EventType "swiss"]
[EventRounds "9"]
[EventCountry "GRE"]
[SourceTitle "CBM 209 Extra"]
[Source "ChessBase"]
[SourceDate "2022.09.30"]
[SourceVersion "1"]
[SourceVersionDate "2022.09.30"]
[SourceQuality "1"]

1. d4 f5 2. e4 fxe4 3. Nc3 Nf6 4. Bg5 g6 5. Bxf6 exf6 6. Nxe4 d5 7. Ng3 Qe7+ 8. Qe2 Nc6 9. c3 h5 10. Qxe7+ Nxe7 11. h4 Bh6 12. Bd3 Kf7 13. Nh3 a5 14. Kd1 a4 15. Kc2 Bd7 16. Rae1 Rhe8 17. Ne2 Nf5 18. g3 c6 19. Nef4 Rxe1 20. Rxe1 g5 21. hxg5 fxg5 22. Re5 Nxd4+ 23. cxd4 gxf4 24. Rxh5 Bxh3 25. Rxh6 Bg4 26. Rh7+ Kf6 27. gxf4 a3 28. b4 Rg8 29. Rxb7 Bf5 30. Ra7 Rg2 31. Bxf5 Rxf2+ 32. Kc3 Kxf5 33. Rxa3 Ke4 34. Ra6 Rf3+ 35. Kd2 Kxd4 36. Rxc6 Rf2+ 37. Ke1 Rxa2 38. b5 Rb2 39. f5 Ke4 40. f6 Rxb5 41. Re6+ Kf5 42. f7 Kxe6 43. f8Q Rb7 44. Qc8+ Rd7 45. Qc6+ Ke7 46. Qc5+ Ke6 47. Qe3+ Kd6 48. Kd2 Re7 49. Qf4+ Kd7 50. Kd3 Re4 51. Qf6 Kc7 52. Qa6 Rc4 53. Qe6 Rc6 54. Qe7+ Kb6 55. Kd4 Rc7 56. Qd8 Kc6 57. Qxd5+ Kb6 58. Qd6+ Kb7 59. Kd5 Kc8 60. Qb6 Kd7 61. Qe6+ Kd8 62. Qg8+ Kd7 63. Qf7+ Kd8 64. Qf8+ Kd7 65. Qf6 Ke8 66. Qe6+ Kd8 67. Qb6 Kd7 68. Ke5 Rc6 69. Qb5 Kc7 70. Qa5+ Kd7 71. Qa7+ Rc7 72. Qa3 Kc8 73. Ke6 Kb7 74. Qa5 Rc6+ 75. Kd7 Rb6 76. Qc5 Ka8 77. Kc7 Rb7+ 78. Kd6 Kb8 79. Qc6 Ka7 80. Qc5+ Kb8 81. Qa5 Kc8 82. Kc6 Kb8 83. Qd5 Ka7 84. Qd8 Ka6 85. Qc8 1-0

[Event "Thessaloniki op 1st"]
[Site "Thessaloniki"]
[Date "2022.08.05"]
[Round "4"]
[White "Skembris, Spyridon"]
[Black "Theoharidis, Georgios"]
[Result "1-0"]
[WhiteElo "2399"]
[BlackElo "1894"]
[PlyCount "61"]
[EventDate "2022.08.03"]
[EventType "swiss"]
[EventRounds "9"]
[EventCountry "GRE"]
[SourceTitle "CBM 209 Extra"]
[Source "ChessBase"]
[SourceDate "2022.09.30"]
[SourceVersion "1"]
[SourceVersionDate "2022.09.30"]
[SourceQuality "1"]

1. d4 f5 2. g3 Nf6 3. Bg2 g6 4. c4 Bg7 5. Nc3 d6 6. Nf3 0-0 7. 0-0 c6 8. b3 Qc7 9. Ba3 Re8 10. Rc1 Qa5 11. Nb1 f4 12. d5 fxg3 13. hxg3 Bf5 14. b4 Qa6 15. dxc6 bxc6 16. b5 Qc8 17. Nc3 Bh6 18. e3 Bh3 19. bxc6 Bxg2 20. Kxg2 Qxc6 21. Nd5 Nxd5 22. cxd5 Qa6 23. Bb2 Nd7 24. Rh1 Bg7 25. Bxg7 Kxg7 26. Ng5 Nf6 27. Qd4 Qxa2 28. Rxh7+ Kg8 29. Rch1 Qxd5+ 30. Qxd5+ Nxd5 31. Ne6 1-0

[Event "Thessaloniki op 1st"]
[Site "Thessaloniki"]
[Date "2022.08.04"]
[Round "3"]
[White "Theoharidis, Georgios"]
[Black "Banov, Boil"]
[Result "1-0"]
[WhiteElo "1894"]
[BlackElo "2141"]
[PlyCount "79"]
[EventDate "2022.08.03"]
[EventType "swiss"]
[EventRounds "9"]
[EventCountry "GRE"]
[SourceTitle "CBM 209 Extra"]
[Source "ChessBase"]
[SourceDate "2022.09.30"]
[SourceVersion "1"]
[SourceVersionDate "2022.09.30"]
[SourceQuality "1"]

1. e4 g6 2. d4 Bg7 3. Nf3 c6 4. c3 d5 5. e5 Nh6 6. Bf4 f6 7. Bd3 Bg4 8. Qc1 Nf7 9. exf6 exf6 10. Nbd2 0-0 11. 0-0 Bh6 12. Bxh6 Nxh6 13. Qc2 Bf5 14. Nh4 Bxd3 15. Qxd3 Kg7 16. Rae1 Re8 17. Re3 Na6 18. Rg3 f5 19. Nxf5+ Nxf5 20. Qxf5 Qd6 21. Qd3 Nc7 22. Nf3 Re4 23. Ne5 Rf8 24. Re3 Ref4 25. g3 R4f5 26. f4 h5 27. Nf3 c5 28. Rfe1 R8f7 29. Ng5 Rd7 30. Qe2 cxd4 31. Re7+ Kg8 32. Rxd7 Qxd7 33. cxd4 Rf6 34. Qe5 Rc6 35. Re2 h4 36. Kg2 h3+ 37. Kf2 a5 38. Qe7 Qxe7 39. Rxe7 Kf8 40. Rxc7 1-0

[Event "Thessaloniki op 1st"]
[Site "Thessaloniki"]
[Date "2022.08.03"]
[Round "1"]
[White "Kosmidis, Ioannis"]
[Black "Theoharidis, Georgios"]
[Result "0-1"]
[WhiteElo "2165"]
[BlackElo "1894"]
[PlyCount "48"]
[EventDate "2022.08.03"]
[EventType "swiss"]
[EventRounds "9"]
[EventCountry "GRE"]
[SourceTitle "CBM 209 Extra"]
[Source "ChessBase"]
[SourceDate "2022.09.30"]
[SourceVersion "1"]
[SourceVersionDate "2022.09.30"]
[SourceQuality "1"]

1. d4 f5 2. g3 Nf6 3. Bg2 g6 4. c4 Bg7 5. Nc3 d6 6. d5 Na6 7. h4 Nc5 8. Be3 0-0 9. Nh3 e5 10. dxe6 Nxe6 11. Qd2 Ng4 12. Nf4 Nxe3 13. Qxe3 Nxf4 14. gxf4 Re8 15. Qd3 c6 16. h5 Qe7 17. hxg6 hxg6 18. e3 Be6 19. Rd1 Rad8 20. b3 Kf7 21. Ke2 Qf6 22. Rc1 Rh8 23. Rxh8 Rxh8 24. Qxd6 Bxc4+ 0-1

[Event "Thessaloniki Vardaris op 6th"]
[Site "Thessaloniki"]
[Date "2020.02.29"]
[Round "3"]
[White "Stoinev, Metodi"]
[Black "Theoharidis, Georgios"]
[Result "1-0"]
[WhiteElo "2206"]
[BlackElo "1813"]
[PlyCount "107"]
[EventDate "2020.02.27"]
[EventType "swiss"]
[EventRounds "7"]
[EventCountry "GRE"]
[SourceTitle "CBM 195 Extra"]
[Source "ChessBase"]
[SourceDate "2020.05.31"]
[SourceVersion "1"]
[SourceVersionDate "2020.05.31"]
[SourceQuality "1"]

1. e4 e6 2. d4 d5 3. Nd2 Nc6 4. Ngf3 Nf6 5. e5 Nd7 6. Be2 f6 7. exf6 Qxf6 8. Nf1 Bd6 9. Ne3 0-0 10. 0-0 Nb6 11. Ng4 Qf5 12. h3 Kh8 13. Bb5 Bd7 14. Be3 Nb4 15. Bxd7 Nxd7 16. c3 Nc2 17. Rc1 Nxe3 18. fxe3 Qh5 19. Qd3 Nf6 20. Nfe5 Ne4 21. Rxf8+ Rxf8 22. Rf1 Rf5 23. c4 c6 24. c5 Bxe5 25. Nxe5 Rxf1+ 26. Qxf1 Kg8 27. g4 Qe8 28. b4 h6 29. a4 a6 30. Kg2 Nd2 31. Qe2 Ne4 32. h4 Nc3 33. Qe1 Ne4 34. h5 Qe7 35. Qf1 Nd2 36. Qf4 Ne4 37. Ng6 Qd8 38. Qe5 Ng5 39. Qd6 Qxd6 40. cxd6 Nf7 41. d7 Nd8 42. Kf3 Kf7 43. e4 dxe4+ 44. Kxe4 Kf6 45. a5 Nf7 46. Kf4 Nd8 47. Ke4 Nf7 48. Kd3 Nd8 49. Kc4 Kg5 50. Kc5 Kxg4 51. Kd6 c5 52. Ne5+ Kxh5 53. bxc5 g5 54. Ke7 1-0

[Event "Thessaloniki-Chalkidiki-chT B local"]
[Site "Thessaloniki"]
[Date "2019.03.17"]
[Round "8.1"]
[White "Ntelopoulos, Ioannis"]
[Black "Theoharidis, Georgios"]
[Result "0-1"]
[WhiteElo "1691"]
[BlackElo "1816"]
[PlyCount "147"]
[EventDate "2019.01.13"]
[EventType "team-swiss"]
[EventRounds "9"]
[EventCountry "GRE"]
[SourceTitle "EXT 2020"]
[Source "ChessBase"]
[SourceDate "2019.10.17"]
[SourceVersion "1"]
[SourceVersionDate "2019.10.17"]
[SourceQuality "1"]

1. e4 e6 2. Nf3 d5 3. exd5 exd5 4. d4 Bd6 5. Bd3 Ne7 6. 0-0 0-0 7. c3 Bf5 8. Bxf5 Nxf5 9. Qb3 b6 10. Bg5 Qd7 11. Nbd2 c6 12. Qc2 f6 13. Bh4 Nxh4 14. Nxh4 g6 15. Rae1 Qg4 16. Nhf3 Qd7 17. Re2 Na6 18. Rfe1 Nc7 19. Qd3 Rae8 20. Rxe8 Rxe8 21. Rxe8+ Qxe8 22. Qe3 Qe6 23. Qxe6+ Nxe6 24. g3 Bf8 25. Kf1 Bh6 26. Ke2 Kf7 27. h4 Ng7 28. Ne1 Nf5 29. Ndf3 Nd6 30. Nd3 Ke6 31. g4 Ne4 32. Nfe1 Bg7 33. f3 Nd6 34. Ng2 g5 35. f4 gxh4 36. Nxh4 a5 37. f5+ Kd7 38. Ng2 Bh6 39. Ngf4 Ne4 40. Ne6 Ng3+ 41. Kf3 Ne4 42. Ndf4 Nd2+ 43. Ke2 Nc4 44. b3 Nd6 45. Nh5 Ne4 46. c4 Ke7 47. cxd5 Nc3+ 48. Kd3 Nxd5 49. a3 Ne3 50. g5 Nxf5 51. gxh6 Kxe6 52. Ke4 Nxh6 53. b4 f5+ 54. Kd3 axb4 55. axb4 b5 56. Nf4+ Kd6 57. Ke2 Ng4 58. Kf3 Nf6 59. Nd3 Nd5 60. Kg3 Ke6 61. Kh4 Kf6 62. Kh5 f4 63. Kg4 h5+ 64. Kxh5 Kf5 65. Kh4 Ke4 66. Ne5 Nxb4 67. Kg4 Kxd4 68. Kf5 c5 69. Nf3+ Ke3 70. Ne5 f3 71. Ng4+ Ke2 72. Ke4 f2 73. Nh2 f1Q 74. Nxf1 0-1

[Event "Thessaloniki-Chalkidiki CupT"]
[Site "Thessaloniki"]
[Date "2019.02.09"]
[Round "1.1"]
[White "Kamaretsos, Konstantinos"]
[Black "Theoharidis, Georgios"]
[Result "0-1"]
[WhiteElo "1816"]
[BlackElo "1769"]
[PlyCount "104"]
[EventDate "2019.02.09"]
[EventType "team-swiss"]
[EventRounds "5"]
[EventCountry "GRE"]
[SourceTitle "EXT 2021"]
[Source "ChessBase"]
[SourceDate "2020.10.23"]
[SourceVersion "1"]
[SourceVersionDate "2020.10.23"]
[SourceQuality "1"]

1. d4 e6 2. c4 b6 3. a3 Bb7 4. Nc3 f5 5. d5 Be7 6. Nf3 Nf6 7. Nd4 exd5 8. cxd5 0-0 9. Qb3 Kh8 10. g3 Bc5 11. Qc4 Ng4 12. Bg2 Qf6 13. Be3 Nxe3 14. fxe3 Qe5 15. Nd1 a5 16. 0-0 Ba6 17. Qc3 Bxd4 18. Qxd4 Qxd4 19. exd4 d6 20. Ne3 g6 21. Rac1 Re8 22. Kf2 Ra7 23. Bf3 Nd7 24. Rc3 Nf6 25. Rfc1 Re7 26. h4 Kg7 27. Ng2 h6 28. Nf4 Bc8 29. Ne6+ Bxe6 30. dxe6 c5 31. d5 b5 32. a4 b4 33. Rc4 Rac7 34. b3 Re8 35. Rf4 Rec8 36. Rcc4 Ng8 37. h5 Ne7 38. hxg6 Rf8 39. e4 Nxg6 40. Rxf5 Rxf5 41. exf5 Ne5 42. Rc2 Kf6 43. Be2 Kxf5 44. Ke3 Rg7 45. g4+ Kf6 46. Kf4 Ng6+ 47. Ke4 Ne5 48. Kf4 Rg5 49. Bd1 Ng6+ 50. Kg3 Rxd5 51. Be2 Rd4 52. Bc4 Ne5 0-1

[Event "Belgrade ChessAmateur op 5th"]
[Site "Belgrade"]
[Date "2019.01.06"]
[Round "5"]
[White "Kovacs, Zoltan2222"]
[Black "Theoharidis, Georgios"]
[Result "1-0"]
[WhiteElo "2124"]
[BlackElo "1816"]
[PlyCount "133"]
[EventDate "2019.01.04"]
[EventType "swiss"]
[EventRounds "9"]
[EventCountry "SRB"]
[SourceTitle "CBM 188 Extra"]
[Source "ChessBase"]
[SourceDate "2019.02.26"]
[SourceVersion "1"]
[SourceVersionDate "2019.02.26"]
[SourceQuality "1"]

1. Nf3 Nf6 2. g3 d5 3. c4 Bg4 4. Bg2 c6 5. Ne5 Be6 6. cxd5 Bxd5 7. Nf3 g6 8. Nc3 Bg7 9. 0-0 0-0 10. d3 Nh5 11. Nxd5 Qxd5 12. Ng5 Qb5 13. a4 Qb6 14. Be3 Qc7 15. Qb3 h6 16. Ne4 Nd7 17. f4 e6 18. Rac1 Nhf6 19. Kh1 Rfd8 20. Nc3 a6 21. Bg1 Bf8 22. d4 Qb6 23. Qc2 Nd5 24. e4 Nb4 25. Qe2 c5 26. d5 exd5 27. exd5 Re8 28. Qf3 Rad8 29. Rfd1 Bg7 30. Ne4 Bd4 31. Nd2 Bxg1 32. Kxg1 c4+ 33. Kh1 Qe3 34. Nxc4 Qxf3 35. Bxf3 b5 36. axb5 axb5 37. Na5 Re3 38. Kg2 Nd3 39. Rc3 Ne1+ 40. Kf2 Rxc3 41. bxc3 Nxf3 42. Nc6 Ra8 43. Kxf3 Ra3 44. Rd3 Kg7 45. g4 f5 46. h3 Kf6 47. Re3 fxg4+ 48. hxg4 Nc5 49. Nd4 Ra6 50. Nxb5 Ra1 51. Nd6 Rd1 52. Ne4+ Nxe4 53. Kxe4 Ke7 54. Ke5 Rg1 55. c4 Rxg4 56. Ra3 g5 57. Ra7+ Kd8 58. Rg7 Rxf4 59. c5 Rf1 60. c6 Rc1 61. Kd6 Ke8 62. c7 Kf8 63. Rd7 g4 64. Rd8+ Kf7 65. c8Q Rxc8 66. Rxc8 h5 67. Rh8 1-0

[Event "Belgrade ChessAmateur op 5th"]
[Site "Belgrade"]
[Date "2019.01.04"]
[Round "1"]
[White "Hristodorescu, Daniel"]
[Black "Theoharidis, Georgios"]
[Result "1-0"]
[WhiteElo "2233"]
[BlackElo "1816"]
[PlyCount "53"]
[EventDate "2019.01.04"]
[EventType "swiss"]
[EventRounds "9"]
[EventCountry "SRB"]
[SourceTitle "CBM 188 Extra"]
[Source "ChessBase"]
[SourceDate "2019.02.26"]
[SourceVersion "1"]
[SourceVersionDate "2019.02.26"]
[SourceQuality "1"]

1. e4 e6 2. d4 d5 3. Nc3 Bb4 4. Nge2 Nf6 5. e5 Ne4 6. a3 Nxc3 7. Nxc3 Bxc3+ 8. bxc3 0-0 9. Bd3 f5 10. exf6 Qxf6 11. 0-0 e5 12. Qh5 Bf5 13. Bg5 Qf7 14. Qxf7+ Rxf7 15. dxe5 Bxd3 16. cxd3 Rf5 17. f4 Nd7 18. g4 Rxg5 19. fxg5 Nxe5 20. Rae1 Nxd3 21. Re7 Rf8 22. Rxf8+ Kxf8 23. Rxc7 Nc1 24. Kf2 a5 25. Rxb7 Nd3+ 26. Ke3 Ne5 27. Kd4 1-0

[Event "Stavroupolis Novidis Memorial 7th"]
[Site "Stavroupolis"]
[Date "2018.06.23"]
[Round "5"]
[White "Theoharidis, Georgios"]
[Black "Kosmidis, Ioannis"]
[Result "1/2-1/2"]
[WhiteElo "1768"]
[BlackElo "2018"]
[PlyCount "68"]
[EventDate "2018.06.19"]
[EventType "swiss"]
[EventRounds "7"]
[EventCountry "GRE"]
[SourceTitle "EXT 2019"]
[Source "ChessBase"]
[SourceDate "2018.10.10"]
[SourceVersion "1"]
[SourceVersionDate "2018.10.10"]
[SourceQuality "1"]

1. e4 e6 2. d4 d5 3. Nc3 Bb4 4. e5 Ne7 5. a3 Bxc3+ 6. bxc3 c5 7. h4 b6 8. h5 h6 9. Qg4 Kf8 10. Rh3 Ba6 11. Bxa6 Nxa6 12. Nf3 Rc8 13. Nh4 cxd4 14. cxd4 Rxc2 15. Rf3 Qc8 16. Bd2 Nf5 17. Nxf5 exf5 18. Rxf5 Rc6 19. Qf3 Qe6 20. g4 Rc4 21. Qd3 Nb8 22. Rc1 Rxc1+ 23. Bxc1 Nc6 24. a4 Kg8 25. Ba3 Na5 26. Kf1 Nc4 27. Bc1 Kf8 28. Qb3 a6 29. Kg2 Rg8 30. Kg3 Ke8 31. Qf3 Qd7 32. Kh2 Qe6 33. Kg3 Qd7 34. Kh2 Qe6 1/2-1/2

[Event "Stavroupolis Novidis Memorial 7th"]
[Site "Stavroupolis"]
[Date "2018.06.20"]
[Round "2"]
[White "Romanos, Theodoros"]
[Black "Theoharidis, Georgios"]
[Result "1-0"]
[WhiteElo "2094"]
[BlackElo "1768"]
[PlyCount "51"]
[EventDate "2018.06.19"]
[EventType "swiss"]
[EventRounds "7"]
[EventCountry "GRE"]
[SourceTitle "EXT 2019"]
[Source "ChessBase"]
[SourceDate "2018.10.10"]
[SourceVersion "1"]
[SourceVersionDate "2018.10.10"]
[SourceQuality "1"]

1. Nf3 d5 2. c4 c6 3. d4 Nf6 4. Nc3 Bg4 5. Ne5 Be6 6. cxd5 Nxd5 7. e4 Nb4 8. a3 Qxd4 9. axb4 Qxe5 10. Be3 Qd6 11. Qa4 Nd7 12. f4 g6 13. e5 Qc7 14. b5 a5 15. bxa6 bxa6 16. Bd3 Nb6 17. Qd4 Rd8 18. Qxb6 Qxb6 19. Bxb6 Rxd3 20. Rxa6 Bc4 21. Ra4 Bd5 22. Ke2 Bxg2 23. Rg1 Rxc3 24. bxc3 Bd5 25. c4 Be4 26. Rd1 1-0

[Event "Mem Stavros Psomiadis"]
[Site "Thessaloniki"]
[Date "2016.11.14"]
[Round "1.10"]
[White "Akritidis, Stefanos"]
[Black "Theoharidis, Georgios"]
[Result "0-1"]
[WhiteElo "1000"]
[BlackElo "1867"]
[PlyCount "66"]
[EventDate "2016.11.14"]
[EventType "swiss"]
[EventRounds "6"]
[EventCountry "GRE"]
[SourceTitle "EXT 2024"]
[Source "ChessBase"]
[SourceDate "2023.10.10"]
[SourceVersion "1"]
[SourceVersionDate "2023.10.10"]
[SourceQuality "1"]

1. e4 c5 2. Nf3 e6 3. d4 cxd4 4. Nxd4 Nf6 5. Nc3 Nc6 6. Be3 Bb4 7. Bd3 Qa5 8. Qd2 d5 9. f3 dxe4 10. fxe4 Ng4 11. Nb3 Qh5 12. Be2 Qg6 13. 0-0-0 Nxe3 14. Qxe3 Bxc3 15. Qxc3 0-0 16. h4 Qxe4 17. Bf3 Qa4 18. a3 e5 19. Bxc6 Qf4+ 20. Kb1 bxc6 21. g3 Qf6 22. Rhf1 Qe7 23. Nc5 Rb8 24. a4 Bg4 25. Rde1 f6 26. Qc4+ Kh8 27. Qxg4 Qxc5 28. Rd1 Qc3 29. b3 Rxb3+ 30. cxb3 Qxb3+ 31. Ka1 Qa3+ 32. Kb1 Rb8+ 33. Kc2 Rb2+ 0-1

[Event "Nea Moudania op 2nd"]
[Site "Nea Moudania"]
[Date "2016.08.28"]
[Round "7"]
[White "Tsironis, Alexandros"]
[Black "Theoharidis, Georgios"]
[Result "1-0"]
[WhiteElo "1949"]
[BlackElo "1856"]
[PlyCount "83"]
[EventDate "2016.08.22"]
[EventType "swiss"]
[EventRounds "9"]
[EventCountry "GRE"]
[SourceTitle "CBM 174 Extra"]
[Source "ChessBase"]
[SourceDate "2016.10.10"]
[SourceVersion "1"]
[SourceVersionDate "2016.10.10"]
[SourceQuality "1"]

1. e4 e6 2. d4 d5 3. Nd2 c5 4. exd5 Qxd5 5. Ngf3 cxd4 6. Bc4 Qd6 7. 0-0 Nf6 8. Re1 Bd7 9. Ne4 Nxe4 10. Rxe4 Nc6 11. Nxd4 0-0-0 12. Bf4 Qc5 13. Nb3 Qf5 14. Qe2 Nb4 15. Nd4 Qc5 16. c3 Nd5 17. Bg3 Bc6 18. Rxe6 fxe6 19. Qxe6+ Bd7 20. Qxd5 Qxd5 21. Bxd5 Bc5 22. Ne6 Bxf2+ 23. Kxf2 Rde8 24. Nd4 Rhf8+ 25. Kg1 Rf6 26. Rf1 Ref8 27. Rxf6 Rxf6 28. Nf3 Bc6 29. Bxc6 bxc6 30. Kf2 c5 31. Ke3 Ra6 32. a3 Rb6 33. b4 cxb4 34. axb4 Kd7 35. Kd4 a5 36. Ne5+ Ke6 37. Nc4 Rb7 38. Nxa5 Rd7+ 39. Kc5 Rd2 40. b5 Ra2 41. Nc4 Kd7 42. b6 1-0

[Event "Aegean op 39th"]
[Site "Aghios Kirykos"]
[Date "2016.07.16"]
[Round "8"]
[White "Theoharidis, Georgios"]
[Black "Verduyn, Philippe"]
[Result "0-1"]
[WhiteElo "1862"]
[BlackElo "2186"]
[PlyCount "92"]
[EventDate "2016.07.11"]
[EventType "swiss"]
[EventRounds "9"]
[EventCountry "GRE"]
[SourceTitle "EXT 2017"]
[Source "ChessBase"]
[SourceDate "2016.10.25"]
[SourceVersion "1"]
[SourceVersionDate "2016.10.25"]
[SourceQuality "1"]

1. e4 d6 2. d4 Nf6 3. Nc3 g6 4. f3 c6 5. Be3 b5 6. Qd2 Nbd7 7. Bh6 Bxh6 8. Qxh6 Qb6 9. 0-0-0 b4 10. Nce2 Ba6 11. Nh3 0-0-0 12. Ng5 Rhf8 13. Kb1 Qa5 14. e5 dxe5 15. Ne4 Nxe4 16. fxe4 Nf6 17. Nc1 Bxf1 18. Rhxf1 exd4 19. Rxd4 Rg8 20. Nb3 Qb5 21. Qh3+ Kb7 22. Rfd1 Rxd4 23. Nxd4 Rd8 24. Kc1 Qg5+ 25. Kb1 Qc5 26. Qd3 Kb6 27. e5 Ng4 28. a4 a5 29. Rd2 Nxe5 30. Qe4 f5 31. Qf4 g5 32. Qxf5 Rxd4 33. Rxd4 Qxd4 34. Qc8 Qd6 35. b3 h6 36. Qf8 Ng6 37. Qxh6 Qf6 38. Qh3 Nf4 39. Qe3+ Kb7 40. Qc5 Nd5 41. Qxa5 Nc3+ 42. Kb2 Nxa4+ 43. Kc1 Qf4+ 44. Kd1 Nc3+ 45. Ke1 Qe3+ 46. Kf1 Qe2+ 0-1

[Event "Aegean op 39th"]
[Site "Aghios Kirykos"]
[Date "2016.07.15"]
[Round "6"]
[White "Sarandos, Vasilios"]
[Black "Theoharidis, Georgios"]
[Result "1-0"]
[WhiteElo "2219"]
[BlackElo "1862"]
[PlyCount "71"]
[EventDate "2016.07.11"]
[EventType "swiss"]
[EventRounds "9"]
[EventCountry "GRE"]
[SourceTitle "CBM 173 Extra"]
[Source "ChessBase"]
[SourceDate "2016.08.29"]
[SourceVersion "1"]
[SourceVersionDate "2016.08.29"]
[SourceQuality "1"]

1. d4 e6 2. c4 b6 3. Nc3 Bb4 4. Qc2 f5 5. a3 Bxc3+ 6. Qxc3 Bb7 7. Nh3 Nf6 8. f3 d6 9. b4 Nbd7 10. Bb2 0-0 11. e3 Qe8 12. Bd3 Qh5 13. 0-0-0 c5 14. dxc5 bxc5 15. Be2 cxb4 16. Qxb4 Rab8 17. Qxd6 e5 18. Rd2 Qe8 19. Ng5 h6 20. Ne6 Rf7 21. c5 Qc8 22. Bxe5 Nxe5 23. Qxe5 Re7 24. Bc4 Kh8 25. Rhd1 Bc6 26. Qxb8 Qxb8 27. Rd8+ Qxd8 28. Rxd8+ Ne8 29. Nd4 Ba4 30. Bb5 Bxb5 31. Nxb5 Kh7 32. Kd2 a6 33. Nd6 Nc7 34. Nxf5 Re5 35. Rd7 Ne6 36. Re7 1-0

[Event "Aegean op 39th"]
[Site "Aghios Kirykos"]
[Date "2016.07.14"]
[Round "5"]
[White "Theoharidis, Georgios"]
[Black "Apostolou, Nikolaos"]
[Result "1-0"]
[WhiteElo "1862"]
[BlackElo "1672"]
[PlyCount "93"]
[EventDate "2016.07.11"]
[EventType "swiss"]
[EventRounds "9"]
[EventCountry "GRE"]
[SourceTitle "EXT 2017"]
[Source "ChessBase"]
[SourceDate "2016.10.25"]
[SourceVersion "1"]
[SourceVersionDate "2016.10.25"]
[SourceQuality "1"]

1. e4 c5 2. Nf3 d6 3. d4 cxd4 4. Nxd4 Nf6 5. Nc3 g6 6. h3 Bg7 7. Be3 0-0 8. Qd2 Nc6 9. 0-0-0 Nxd4 10. Bxd4 Be6 11. g4 Qa5 12. g5 Nh5 13. Bxg7 Nxg7 14. h4 Bxa2 15. h5 Be6 16. Kb1 Bg4 17. hxg6 fxg6 18. Nd5 Qxd2 19. Rxd2 Nh5 20. Nxe7+ Kf7 21. Nd5 Rad8 22. Bc4 Kg7 23. Rh4 Be6 24. Ne3 Bc8 25. Rh1 a6 26. Rhd1 h6 27. gxh6+ Kxh6 28. e5 b5 29. Bb3 Bb7 30. exd6 Bf3 31. Re1 Kg7 32. c4 bxc4 33. Nxc4 Bc6 34. Re7+ Kf6 35. Rc7 Bb5 36. Ne3 Nf4 37. Ka2 Nd3 38. Nd5+ Ke5 39. Nc3 Nc1+ 40. Ka3 Nxb3 41. Re7+ Kf6 42. Ne4+ Kf5 43. Kxb3 Bc6 44. Nc5 a5 45. Kc3 Kf6 46. Re3 g5 47. Ne6 1-0

[Event "Chalkidiki op"]
[Site "Chalkidiki"]
[Date "2015.07.12"]
[Round "2"]
[White "Zawadzka, Jolanta"]
[Black "Theoharidis, Georgios"]
[Result "1-0"]
[WhiteElo "2419"]
[BlackElo "1861"]
[PlyCount "79"]
[EventDate "2015.07.12"]
[EventType "swiss"]
[EventRounds "9"]
[EventCountry "GRE"]
[SourceTitle "EXT 2016"]
[Source "ChessBase"]
[SourceDate "2015.10.08"]
[SourceVersion "1"]
[SourceVersionDate "2015.10.08"]
[SourceQuality "1"]

1. e4 e6 2. d4 d5 3. Nc3 Bb4 4. e5 c5 5. Bd2 Ne7 6. a3 Bxc3 7. Bxc3 cxd4 8. Bxd4 Nbc6 9. Nf3 Nf5 10. c3 Nfxd4 11. cxd4 Qb6 12. b4 Bd7 13. Rc1 Ne7 14. Rc5 Rc8 15. Bd3 Rxc5 16. dxc5 Qc6 17. Nd4 Qc7 18. Qe2 0-0 19. 0-0 Nc6 20. Nf3 a6 21. Re1 h6 22. Bb1 Rd8 23. Qd3 g6 24. h4 Be8 25. h5 Kg7 26. Nh4 Qe7 27. g3 Qg5 28. f4 Qxh5 29. Bc2 g5 30. Qh7+ Kf8 31. Bd1 g4 32. Qh8+ Ke7 33. Qg7 Nd4 34. Bxg4 Nc2 35. Rc1 Qxg4 36. Qxg4 Ne3 37. Qf3 Nc4 38. Qh5 Bc6 39. Qxh6 Rg8 40. Ng2 1-0